| 000 | 00597 a2200193 4500 | ||
|---|---|---|---|
| 020 | _a0809475588 (hardcover) | ||
| 020 | _a9780809475582 (hardcover) | ||
| 082 | 0 | 4 | _a006.6 |
| 090 |
_c5653 _d5653 |
||
| 100 | 1 | _aBooks, Time-Life. | |
| 245 | 1 | 0 |
_aComputer images / _cTime-Life Books. |
| 250 | _aRevised ed. | ||
| 260 |
_a[S.l.] : _bTime Life Medical, _c1991. |
||
| 300 |
_a128 p. ; _c28 cm. |
||
| 490 | 1 | _aUnderstanding computers. | |
| 830 | 0 | _aUnderstanding computers. | |
| 856 | 4 | 0 |
_3Amazon.com _uhttp://www.amazon.com/exec/obidos/ASIN/0809475588/chopaconline-20 |
| 942 |
_aNBS _cBK _k006.6 TLB |
||
| 999 |
_c348055 _d348055 |
||